Statistics for 30 Biggest Cities in Italy

Click here to take the quiz!

General Stats

  • This quiz has been taken 484 times
    (451 since last reset)
  • The average score is 19 of 30

Answer Stats

PopulationCity% Correct
2 650 000Rome
100%
1 305 000Milan
99%
1 050 000Naples
98%
920 000Turin
96%
380 000Florence
94%
690 000Palermo
94%
295 000Venice
90%
335 000Bari
88%
385 000Bologna
87%
655 000Genoa
86%
255 000Verona
82%
220 000Trieste
74%
340 000Catania
72%
165 000Parma
67%
175 000Cagliari
65%
215 000Padova
64%
260 000Messina
62%
175 000Modena
60%
190 000Brescia
55%
210 000Taranto
49%
155 000Livorno
42%
130 000Rimini
41%
145 000Salerno
39%
135 000Ravenna
38%
150 000Perugia
35%
170 000Prato
34%
135 000Ferrara
31%
155 000Foggia
30%
125 000Siracusa
18%
180 000Reggio di Calabria
17%

Score Distribution

Percentile by Number Answered

Percent of People with Each Score

Your Score History

You have not taken this quiz since the last reset